000 00739nam a22002417a 4500
003 OSt
005 20260312005526.0
008 260312b |||||||| |||| 00| 0 eng d
020 _a978-981-4195-47-8.
040 _aDWCL Main lib
_cOC
082 _24th ed.
_aCirc. 004.21 S254s 2007
100 _aJackson, Robert B.
245 _aSystems analysis and design in a changing world
_cRobert B. Jackson
250 _a4th ed.
260 _aSingapore :
_bThomson Learning Asia,
_cc2007.
300 _axxxii, 672 p. :
_bill. ;
_c25 cm.
504 _aIncludes index.
650 _a1. System analysis.
650 _a2. System design.
700 _aStephen D. Burd
700 _aJohn W. Satzinger
942 _2ddc
_cBK-CIRC
_e4th ed.
_kCirc.
_n0
999 _c8973
_d8973